Assets owned by The Walt Disney Company - Statistics

General Stats
  • This quiz has been taken 1,813 times
    1,455 since last reset
  • The average score is 12 of 21
Answer Stats
Hint Answer % Correct
Steve Jobs created this company which changed the game for animation Pixar
91%
Original theme park built by Walt Disney himself in 1955. Disneyland Resort
85%
Creator of the highest-grossing film franchise of all time – some super hero movies you may have heard of Marvel Studios
81%
Resort containing four theme parks near Orlando, Florida. Walt Disney World Resort
80%
Subscription streaming service for content from all Disney assets. Disney Plus
76%
The studio that brought you Star Wars Lucasfilm
72%
Cable sports channel – Monday Night Football (80% owned) ESPN
66%
One of the oldest TV networks in the United States – Lost, Grey’s Anatomy, Abbott Elementary ABC
65%
Shows and TV movies for teens – Hannah Montana, The Suite Life, That’s So Raven Disney Channel
63%
Franchise created by Jim Henson including frogs and pigs. The Muppets
63%
Subscription streaming service since 2007 – The Handmaid’s Tale, Love Victor, Only Murders in the Building Hulu
60%
Educational magazine and TV channel teaching us about the world (73% owned) National Geographic
60%
Company that will let you sail the Caribbean with Mickey Mouse Disney Cruise Line
54%
One of the “Big 6” studios of Hollywood, acquired by Disney in 2019 – Avatar, Titanic, Home Alone 20th Century Studios
50%
What the company is known best for, from Snow White to Moana 2 Walt Disney Animation Studios
45%
Film studio responsible for flagship live-action movies such as Pirates of the Caribbean Walt Disney Pictures
41%
Pay TV channel that has created some of the most renowned shows of the 2000s – Sons of Anarchy, Fargo, American Horror Story FX
28%
Fox’s rival to Pixar – Ice Age, Rio, Diary of a Wimpy Kid 20th Century Animation
24%
Network showing reality TV and docusoaps – Duck Dynasty, Storage Wars, Hoaders (50% owned) A&E
20%
Studio (created by Fox) devoted to art films that do well at the Oscars – Grand Budapest Hotel, Poor Things, A Complete Unknown Searchlight Pictures
17%
Film studio devoted to films for adult audiences – Armageddon, Pretty Woman, Lincoln (defunct since 2017) Touchstone Pictures
14%
No matching quizzes found
Score Distribution
Percent of People with Each Score
Percentile by Number Answered
Your Score History
You have not taken this quiz since the last reset